000 00664nam a2200217 a 4500
001 48711
003 BD-RjUL
005 20211209054555.0
008 160816s1968 enk b 000 0 eng
020 _a71006302
035 _a(BD-RjUL)48830
040 _aBD-RjUL
_beng
_cBD-RjUL
_dBD-RjUL
041 1 _aeng
082 _223
_a658.403
_bCHD 1968
100 _aChapman, Richard A.
_9147008
245 1 0 _aDecision making :
_ba case study of the decision to raise the bank rate september 1957 /
_cRichard A. Chapman
260 _aLondon :
_bRoutledge & Kegan Paul,
_c1968,
300 _aviii, 118 p. ;
_c23 cm.
650 0 _aDecision making
_9147009
942 _2ddc
_cBK
999 _c48711
_d48711